000 00462nam a2200181Ia 4500
001 18028
005 20260306171600.0
008 260306s9999||||xx |||||||||||||| ||und||
041 _aESP
082 _a658.32
_bA52
100 _aAmaya Galeano, Miguel
_eAUT
245 0 _aAdministración de salarios e incentivos:
_bteoría y práctica
260 _c2008
300 _a555 páginas :
_c24 cm.
650 _aGEN
654 _aCAN
942 _cLIB
_dJUS
_fJUS
_2ddc
_n
999 _c18028
_d18028